[Event "EYCC Girls U16 2018"]
[Site "Riga"]
[Date "2018.08.22"]
[Round "3"]
[White "Scarpa, Claudia"]
[Black "Kucharska, Honorata"]
[Result "0-1"]
[WhiteElo "1542"]
[BlackElo "2030"]
[Annotator "NA"]
[PlyCount "130"]
[EventDate "2018.08.20"]
[EventType "swiss"]
[EventCountry "LAT"]
[SourceTitle "playchess.com"]
[Source "ChessBase"]
[SourceQuality "1"]
[TimeControl "40/5400+30:1800+30"]

1. e4 {[%emt 0:00:00]} d6 {[%emt 0:00:00]} 2. d4 {[%emt 0:00:00]} Nf6 {[%emt 0:00:00]} 3. Nc3 {[%emt 0:00:00]} e5 {[%emt 0:00:00]} 4. dxe5 {[%emt 0:00:15]} dxe5 {[%emt 0:00:00]} 5. Qxd8+ {[%emt 0:00:11]} Kxd8 {[%emt 0:00:04]} 6. Bg5 {[%emt 0:00:15]} Be6 {[%emt 0:01:16]} 7. O-O-O+ {[%emt 0:00:33]} Nbd7 {[%emt 0:00:09]} 8. f4 {[%emt 0:01:52]} exf4 {[%emt 0:02:32]} 9. Nf3 {[%emt 0:06:03]} h6 {[%emt 0:04:21]} 10. Bxf4 {[%emt 0:00:19]} Bb4 $14 {[%emt 0:05:11] LiveBook: 11 Games} 11. Nb5 {[%emt 0:43:55]} Ba5 {[%emt 0:07:03]} 12. Nbd4 {[%emt 0:09:05]} Ke7 {[%emt 0:17:15]} 13. Nxe6 {[%emt 0:04:54]} fxe6 {[%emt 0:00:09]} 14. Bd3 {[%emt 0:14:02]} Ng4 {[%emt 0:04:04]} 15. Rhf1 {[%emt 0:01:30]} Bb6 {[%emt 0:06:37]} 16. Kb1 {[%emt 0:02:31]} e5 {[%emt 0:07:54]} 17. Bd2 {[%emt 0:00:53]} g5 {[%emt 0:04:51]} 18. h3 Nf2 {[%emt 0:01:59]} 19. Bb4+ {[%emt 0:02:29]} c5 {[%emt 0:05:29]} 20. Rxf2 {[%emt 0:00:26]} cxb4 {[%emt 0:00:08]} 21. Rfd2 {[%emt 0:00:18]} Be3 {[%emt 0:01:06]} 22. Re2 {[%emt 0:00:29]} Bf4 {[%emt 0:02:16]} 23. Rg1 {[%emt 0:02:02]} Bg3 {[%emt 0:00:26]} 24. Nd2 {[%emt 0:02:38]} Rhf8 {[%emt 0:00:50]} 25. Nc4 {[%emt 0:02:04]} Bf2 {[%emt 0:01:39]} 26. Rf1 {[%emt 0:00:39]} Bd4 {[%emt 0:00:37]} 27. Rf5 {[%emt 0:01:18]} Rad8 {[%emt 0:08:25]} 28. g4 {[%emt 0:02:47]} a6 {[%emt 0:02:45]} 29. Na5 {[%emt 0:01:21]} Nc5 {[%emt 0:00:47]} 30. Nc4 {[%emt 0:00:39]} Ne6 {[%emt 0:04:00]} 31. Re1 {[%emt 0:00:45]} Ng7 {[%emt 0:01:17]} 32. Nxe5 {[%emt 0:01:00]} Nxf5 {[%emt 0:00:05]} 33. Ng6+ {[%emt 0:00:05]} Kf6 {[%emt 0:00:21]} 34. Nxf8 {[%emt 0:00:06]} Ne3 {[%emt 0:01:53]} 35. Nh7+ {[%emt 0:00:39]} Kg7 {[%emt 0:00:31]} 36. e5 {[%emt 0:00:12]} Ng2 {[%emt 0:01:55]} 37. Re4 {[%emt 0:01:05]} Nf4 {[%emt 0:00:42]} 38. Nf6 {[%emt 0:00:45]} Bxe5 {[%emt 0:00:39]} 39. Rxe5 {[%emt 0:00:39]} Kxf6 {[%emt 0:00:04]} 40. Re3 {[%emt 0:00:00]} Rd6 {[%emt 0:00:00]} 41. Kc1 {[%emt 0:02:43]} Re6 {[%emt 0:07:09]} 42. Rf3 {[%emt 0:08:35]} Re1+ {[%emt 0:00:41]} 43. Kd2 {[%emt 0:00:07]} Rh1 {[%emt 0:00:13]} 44. Be4 {[%emt 0:01:18]} Rh2+ {[%emt 0:00:19]} 45. Kd1 {[%emt 0:02:39]} b6 {[%emt 0:00:28]} 46. a3 {[%emt 0:00:57]} Ke5 {[%emt 0:01:42]} 47. Bf5 {[%emt 0:01:52]} bxa3 {[%emt 0:00:48]} 48. Rxa3 {[%emt 0:00:48]} a5 {[%emt 0:00:13]} 49. Rb3 {[%emt 0:00:53]} Nd5 {[%emt 0:00:21]} 50. Rb5 {[%emt 0:02:31]} Kd6 {[%emt 0:03:50]} 51. Rb3 {[%emt 0:01:57]} a4 {[%emt 0:01:34]} 52. Rd3 {[%emt 0:01:14]} Kc5 {[%emt 0:00:30]} 53. Bd7 {[%emt 0:01:21]} b5 {[%emt 0:01:30]} 54. Kc1 {[%emt 0:06:46]} Nb4 {[%emt 0:01:55]} 55. Rd2 {[%emt 0:03:00]} Rxh3 {[%emt 0:00:20]} 56. Rf2 {[%emt 0:00:34]} Kc4 {[%emt 0:03:44]} 57. Be6+ {[%emt 0:00:57]} Kd4 {[%emt 0:01:31]} 58. Rd2+ {[%emt 0:01:15]} Ke3 {[%emt 0:00:18]} 59. c3 {[%emt 0:00:32]} Rh1+ {[%emt 0:00:11]} 60. Rd1 {[%emt 0:00:12]} Nd3+ {[%emt 0:00:10]} 61. Kc2 {[%emt 0:00:15]} Rh2+ {[%emt 0:00:10]} 62. Kb1 {[%emt 0:00:21]} Rxb2+ {[%emt 0:01:01]} 63. Ka1 {[%emt 0:00:17]} a3 {[%emt 0:00:15]} 64. Bd7 {[%emt 0:00:56]} Nc5 {[%emt 0:00:26]} 65. Re1+ {[%emt 0:00:38]} Kf2 {[%emt 0:00:12]} 0-1

[Event "EYCC Girls U16 2018"]
[Site "Riga"]
[Date "2018.08.23"]
[Round "4"]
[White "Antova, Gabriela"]
[Black "Beydullayeva, Govhar"]
[Result "1-0"]
[WhiteElo "2293"]
[BlackElo "2184"]
[Annotator "TA"]
[PlyCount "53"]
[EventDate "2018.08.20"]
[EventType "swiss"]
[EventCountry "LAT"]
[SourceTitle "playchess.com"]
[Source "ChessBase"]
[SourceQuality "1"]

{[%evp 18,53,6,0,21,0,67,41,62,65,86,71,61,54,92,0,14,-112,-136,-187,-145,-151,326,273,319,320,304,323,412,414,2434,2268,1543,1391,2325,2139,29995,166]} 1. d4 d5 2. Nf3 Nf6 3. c4 c6 4. Nc3 e6 5. e3 Nbd7 6. Qc2 Bd6 7. g4 h6 8. h3 {D45: Semi-Slav: 5 e3} (8. Rg1 e5 9. cxd5 cxd5 10. Nb5 Bb8 11. g5 hxg5 12. Nxg5 e4 13. Bd2 Nb6 14. Qc5 Bd7 15. Nd6+ Bxd6 16. Qxd6 {½-½ (30) Rapport,R (2752)-Ragger,M (2697) Baku 2016}) 8... dxc4 9. e4 e5 10. Bxc4 {LiveBook: 8 Games. The position is equal.} b5 11. Be2 Bb7 ({Black should try} 11... Qc7 $11) 12. Be3 $14 Qe7 $146 ({Predecessor:} 12... a6 13. O-O Qc7 14. dxe5 Nxe5 15. Nd4 Ned7 {½-½ (39) Ludwig,J (2055)-Bratkovic,J (1929) Maribor 2012}) 13. dxe5 Nxe5 14. Nd4 {Hoping for Nf5.} g6 {Threatening ...b4.} 15. f3 a6 {[#]} 16. Rd1 (16. O-O-O $1 $16) 16... c5 (16... Ned7 {seems wilder.} 17. Nb3 Rd8 18. O-O b4 19. Na4 Nd5) 17. Ndxb5 (17. Nb3 $11) 17... axb5 $17 18. Nxb5 {[#]} (18. Bxb5+ $17 Kf8 19. O-O) 18... Nxf3+ $1 $19 {[%mdl 512]} 19. Bxf3 {[%cal Be2f3,Bf3b7,Bb7c6][%mdl 32]} Nxe4 $2 {[#]} (19... Bg3+ $17 20. Kf1 Nxe4) 20. Rxd6 $1 $18 {[%mdl 512] aiming for Bxe4.} Nxd6 21. Nxd6+ Qxd6 22. Bxb7 Rxa2 {White should prevent ...0-0.} 23. Bxc5 Qg3+ (23... Qe6+ $142 24. Kf2 Qf6+ 25. Kg1 Kd7) 24. Kf1 {Qe4+ would kill now.} Ra1+ 25. Ke2 {Threatening mate with Qe4+.} Qe5+ 26. Kf2 {White threatens Bc6+ and mate.} Rxh1 27. Bc6+ {Precision: White = 44%, Black = 17%.} 1-0

[Event "EYCC Girls U16 2018"]
[Site "Riga"]
[Date "2018.08.23"]
[Round "4"]
[White "Goltseva, Ekaterina"]
[Black "Bulatova, Kamaliya"]
[Result "1-0"]
[WhiteElo "2185"]
[BlackElo "2043"]
[Annotator "TA"]
[PlyCount "79"]
[EventDate "2018.08.20"]
[EventType "swiss"]
[EventCountry "LAT"]
[SourceTitle "playchess.com"]
[Source "ChessBase"]
[SourceQuality "1"]

{[%evp 20,79,19,19,27,20,20,0,12,-9,-6,-25,5,-7,40,44,34,12,59,73,71,71,60,62,118,111,117,110,106,112,127,115,116,118,130,110,223,211,225,159,161,142,154,134,388,388,589,570,2435,2083,6291,6291,6291,6291,29954,29955,29949,5314,12844,7368,5493,1303]} 1. d4 Nf6 2. c4 e6 3. g3 d5 4. Nf3 dxc4 5. Bg2 Bb4+ 6. Bd2 c5 {E04: Open Catalan: 5 Nf3} 7. Qc1 O-O 8. O-O b5 9. a4 Bb7 10. axb5 a6 11. bxa6 {LiveBook: 6 Games} Rxa6 12. Rxa6 Bxa6 13. dxc5 Bxc5 {[#]} 14. Ne5 $146 ({Predecessor:} 14. Nc3 Nbd7 15. Be3 Qb6 16. Bxc5 Nxc5 17. Ne5 Ncd7 {½-½ (17) Cheparinov,I (2690)-Mamedyarov,S (2735) Kocaeli 2015}) 14... Qc7 15. Bc3 Bd6 16. Qe3 Nbd7 17. Nxd7 Nxd7 18. Rd1 Bc5 19. Qg5 {[%csl Gc3][%cal Rg5g7]} f6 20. Qg4 $40 {[%mdl 128] White wants a kill.} Re8 21. Nd2 {[%cal Bb1d2,Bd2e4,Be4g5,Bg5e6][%mdl 32] aiming for Ne4.} Bf8 (21... Ne5 $1 $14 22. Bxe5 Qxe5) 22. Ne4 $1 $16 f5 23. Qh5 Re7 ({But not} 23... g6 $2 24. Rxd7 $1 {[%mdl 512]} Qxd7 25. Nf6+ Kh8 26. Nxd7+ $18) 24. Ng5 {[%csl Gg5][%cal Rh5h7]} Nf6 {[#]} 25. Bxf6 $1 gxf6 {[#]} 26. Nxe6 $1 {[%mdl 512]} Rxe6 27. Bd5 Qe7 (27... Qd7 $16 {was called for.}) 28. Qxf5 $18 Bc8 29. Bxc4 {Hoping for Ra1.} Kh8 30. Bxe6 Bxe6 31. Qe4 {And now b4! would win.} Qf7 $2 {[%mdl 8192]} (31... Kg8 $16 32. b4 f5) 32. b4 {[%cal Bb2b4,Bb4b5][%mdl 32]} Bc4 (32... Kg7 {was worth a try.} 33. b5 Bc5) 33. Rd8 Kg7 34. Qg4+ Kh6 {[#]} 35. Rxf8 $1 {[%mdl 512]} Qxf8 36. Qxc4 Qa8 37. b5 Qa5 38. Kg2 (38. Qc6 $142 Kg6 39. b6 Qe1+ 40. Kg2 Qxe2 41. b7 Qe5 42. f3 Kf7 43. Qc4+ Kg7 44. Qb4) 38... Kg6 39. Qc6 h5 40. h4 {Precision: White = 60%, Black = 23%.} 1-0

[Event "EYCC Girls U16 2018"]
[Site "Riga"]
[Date "2018.08.23"]
[Round "4"]
[White "Ferkova, Dominika"]
[Black "Khachatryan, Anna"]
[Result "1/2-1/2"]
[WhiteElo "2180"]
[BlackElo "1969"]
[Annotator "TA"]
[PlyCount "60"]
[EventDate "2018.08.20"]
[EventType "swiss"]
[EventCountry "LAT"]
[SourceTitle "playchess.com"]
[Source "ChessBase"]
[SourceQuality "1"]

{[%evp 33,60,36,18,-43,-35,-41,-53,-71,-81,-153,-145,-162,-56,-67,0,-53,0,0,0,-108,-112,-128,-117,-543,-541,-506,-504,-489,0]} 1. d4 Nf6 2. c4 g6 3. Nc3 Bg7 4. e4 d6 5. f3 O-O 6. Be3 c5 7. Nge2 Nc6 8. d5 Ne5 9. Ng3 e6 10. Be2 exd5 11. cxd5 a6 12. a4 Bd7 13. O-O {A65: Modern Benoni: 6 e4} b5 14. h3 Nc4 15. Bxc4 bxc4 16. Qe2 Rb8 17. Qxc4 Rxb2 {[#] LiveBook: 3 Games} 18. Qxa6 $146 (18. Rfb1 $11 Rxb1+ 19. Rxb1) ({Predecessor:} 18. Rab1 Rxb1 19. Rxb1 Qa5 20. Bd2 Nh5 {1-0 (43) Ganguly,S (2610)-Dzhumaev,M (2516) Jakarta 2012}) 18... Nh5 $15 19. Nxh5 Bxc3 20. Qd3 Qa5 21. Ra3 {[#]} (21. Rfc1 $142 Be5 22. f4) 21... Bh8 $1 $17 22. Ng3 {[#]} Bxa4 (22... Qb4 $1 $19 {Hoping for ...c4.} 23. Rc1 Bxa4) 23. Rfa1 Qb5 (23... Rb4 $15 24. R1a2 c4) 24. Bh6 (24. Qxb5 $11 Bxb5 25. Bf4) 24... Rb8 (24... Qxd3 $15 25. Rxd3 Ra8) 25. Qxb5 $11 Bxb5 26. f4 (26. Bf4 $1 $11 {keeps the balance.}) 26... Bd4+ $17 27. Kh2 Bc4 28. Nf5 $2 {[%mdl 8192]} (28. Ra8 $17 {is more resistant.}) 28... gxf5 $19 {Black is clearly winning.} 29. Rg3+ Kh8 30. e5 {intending Bg7+.} Rxg2+ $2 {Precision: White = 12%, Black = 41%.} ({Black should play} 30... Bf2 $19 31. Raa3 Bxg3+ 32. Rxg3 R2b3 33. Bg7+ Kg8) 1/2-1/2

[Event "EYCC Girls U16 2018"]
[Site "Riga"]
[Date "2018.08.23"]
[Round "4"]
[White "Shpanko, Nadiia"]
[Black "Heydarova, Aytaj"]
[Result "1-0"]
[WhiteElo "2176"]
[BlackElo "2052"]
[Annotator "TA"]
[PlyCount "55"]
[EventDate "2018.08.20"]
[EventType "swiss"]
[EventCountry "LAT"]
[SourceTitle "playchess.com"]
[Source "ChessBase"]
[SourceQuality "1"]

{[%evp 13,55,25,31,18,27,30,33,17,18,8,33,35,49,45,52,54,53,56,66,59,67,44,35,27,32,21,43,25,54,54,51,52,86,88,137,120,214,210,283,271,269,256,470,475]} 1. d4 Nf6 2. c4 e6 3. Nf3 Bb4+ 4. Bd2 a5 5. g3 b6 6. Bg2 Bb7 7. O-O O-O {LiveBook: 701 Games} 8. Re1 {E16: Queen's Indian: 4 g3 Bb7 5 Bg2 Bb4+} (8. Bf4 Be7 9. Qc2 d5 10. Ne5 Qc8 11. Nc3 dxc4 12. e4 Nc6 13. Nxc6 Bxc6 14. Qe2 Bb4 15. Bg5 Ne8 16. Qxc4 Bb7 {½-½ (76) Vitiugov,N (2728)-Rapport,R (2686) Heraklio 2017}) 8... d5 $146 ({Predecessor:} 8... d6 9. a3 Bxd2 10. Nbxd2 a4 11. Qc2 Nbd7 12. Rad1 Re8 13. Nb1 Ra5 14. Nc3 Qa8 15. e4 h6 {0-1 (48) Ly,D (2028)-Tratar,M (2459) Aschach 2017}) 9. cxd5 exd5 10. Qb3 {White is slightly better.} Bxd2 11. Nbxd2 Ne4 12. Rac1 Nc6 13. e3 Re8 14. a3 Rc8 15. Nxe4 dxe4 16. Nd2 Na7 17. Bh3 Rb8 18. Qc2 Re7 19. Nc4 Qd5 20. Qd1 Rd8 21. Re2 {[%cal Be1e2,Be2c2,Bc2c6,Bc6b6][%mdl 32]} Qh5 22. Bf1 Bc8 {Threatening ...Bg4.} 23. Rec2 $36 {[%mdl 2048] White has strong initiative.} Qh6 24. Qe1 g5 {[#]} (24... Bb7 $16 {might work better.}) 25. Nxa5 $1 $18 {[%mdl 512]} Rdd7 (25... bxa5 26. Qxa5) 26. Nc6 Nxc6 27. Rxc6 Qg7 $2 {[#]} (27... Qf8 28. R6c3 Bb7) 28. Rxb6 $1 {[%mdl 512] Precision: White = 52%, Black = 36%.} 1-0

[Event "EYCC Girls U16 2018"]
[Site "Riga"]
[Date "2018.08.23"]
[Round "4"]
[White "Urh, Zala"]
[Black "Aubert, Estee"]
[Result "1-0"]
[WhiteElo "2156"]
[BlackElo "1934"]
[Annotator "TA"]
[PlyCount "51"]
[EventDate "2018.08.20"]
[EventType "swiss"]
[EventCountry "LAT"]
[SourceTitle "playchess.com"]
[Source "ChessBase"]
[SourceQuality "1"]

{[%evp 17,51,92,87,88,84,63,110,83,98,31,29,-2,0,0,0,0,1,11,66,76,72,62,61,52,327,333,583,577,758,777,29990,29991,29995,29995,29996,29997]} 1. d4 Nf6 2. c4 c5 3. d5 e5 4. Nc3 d6 5. e4 Be7 6. g3 O-O 7. Bg2 Ne8 8. Nge2 g6 9. Bh6 {A56: Altindisch (siehe auch A43, 44)} Ng7 {LiveBook: 19 Partien} 10. h4 a6 11. Qd2 {Weiß steht besser.} Re8 12. f3 Nd7 13. Bxg7 $146 (13. a4 $16) ({Vorgänger:} 13. a4 Rb8 14. Bh3 Nf8 15. Bxc8 Qxc8 16. g4 Qd7 {1-0 (61) Volkov,S (2554)-Fraser Mitchell,J (2113) Port Erin 2000}) 13... Kxg7 $14 14. h5 Bg5 15. f4 $36 {[%mdl 2048] Weiss kämpft um Vorteil.} exf4 16. gxf4 Bh4+ 17. Kd1 Nb6 ({Besser ist} 17... g5 $11) 18. b3 $1 Bg4 19. hxg6 hxg6 20. Kc2 f5 $2 {[%mdl 8192]} (20... Rh8 $14) 21. Bh3 $18 Bxe2 $2 (21... Rh8 {ist eine bessere Verteidigung.} 22. Bxg4 fxg4) 22. Qxe2 Bf6 {und nun wäre ...Lxc3 stark für Schwarz.} 23. Rag1 {[#] Droht stark Dh5.} fxe4 24. Qh5 {Weiß setzt Matt.} Rh8 25. Qxg6+ Kf8 26. Be6 {Precision: Weiß = 51%, Schwarz = 28%.} 1-0

[Event "EYCC Girls U16 2018"]
[Site "Riga"]
[Date "2018.08.23"]
[Round "4"]
[White "Kucharska, Honorata"]
[Black "Badelka, Olga"]
[Result "1/2-1/2"]
[WhiteElo "2030"]
[BlackElo "2416"]
[Annotator "TA"]
[PlyCount "105"]
[EventDate "2018.08.20"]
[EventType "swiss"]
[EventCountry "LAT"]
[SourceTitle "playchess.com"]
[Source "ChessBase"]
[SourceQuality "1"]

{[%evp 20,105,11,0,45,0,0,0,0,0,174,170,174,181,173,148,149,150,153,154,154,150,160,108,137,103,124,123,140,108,131,112,107,73,77,100,84,89,100,102,100,99,113,116,180,174,176,187,176,179,260,231,249,186,245,301,489,234,239,235,274,207,248,250,233,211,205,206,247,268,276,276,279,274,365,310,309,298,308,259,330,211,207,214,202,0,170,0]} 1. e4 c5 2. Nc3 Nc6 3. Bb5 Nd4 4. Bc4 e6 5. Nf3 Nf6 6. O-O a6 7. d3 {B30: Sizilianisch (Rossolimo-Variante)} (7. Bb3 d6 8. d3 Nxb3 9. axb3 Be7 10. d4 cxd4 11. Qxd4 O-O 12. Rd1 e5 13. Qd3 h6 14. Nd2 b5 {½-½ (58) Inarkiev,E (2730)-Gelfand,B (2734) Magas 2016}) 7... b5 8. Bb3 Nxb3 9. axb3 Bb7 10. e5 Nd5 11. Ne4 {LiveBook: 20 Partien} d6 12. Qe2 $146 ({Vorgänger:} 12. Re1 dxe5 13. Nxe5 h6 14. Qh5 Qc7 {1-0 (30) Maiwald,J (2505)-Maksimenko,A (2505) Germany 2006}) 12... dxe5 13. Nxe5 {Und weiter mit Sg5 wäre nett.} Be7 14. c4 Nc7 $2 (14... Nb4 $11) 15. Be3 $18 Bd6 {[#] ...Lxe4 ist eine echte Drohung.} 16. f4 ({Bloß nicht} 16. Nxc5 $6 Bxg2 17. Kxg2 Bxe5 $14) 16... O-O 17. Nxd6 (17. Bxc5 Bxe4 18. Bxd6 Bxg2 $11) 17... Qxd6 18. Qf2 Rfe8 19. Bxc5 Qd8 20. d4 f6 21. Ng4 (21. Nd3 $142) 21... Qd7 22. Qg3 {Droht Sxf6+ und aus.} Kh8 23. Ne3 {[%cal Bg4e3,Be3c4,Bc4b6][%mdl 32]} Qc6 24. Rac1 Rac8 25. Rfd1 a5 26. cxb5 Nxb5 27. Nc4 $40 {[%mdl 128] Weiss greift entschieden an.} Ra8 28. Ra1 Qe4 29. Re1 Qf5 30. h3 Bd5 31. Nb6 Ra6 (31... Rad8 $16 32. Rxa5 Bc6) 32. b4 a4 {[#]} 33. Qg4 $1 {[%cal Rg4f5]} Qxg4 34. hxg4 Rb8 (34... Bb3 $142 35. d5 Ra7) 35. Nxd5 ({Schlechter ist} 35. Nxa4 Rba8 $17) 35... exd5 36. Re7 Kg8 (36... a3 $142) 37. Rae1 Rc6 $2 (37... Raa8 38. f5 a3) 38. Rd7 (38. Re8+ $142 Rxe8 39. Rxe8+ Kf7 40. Rb8 Nxd4 41. Rb7+ Kg8 42. Bxd4) 38... Rc7 39. Rxd5 Kf7 40. Rh5 h6 41. Rh3 Rd7 42. Rhe3 Rbb7 43. Re4 g6 44. f5 gxf5 45. gxf5 Nd6 46. Rf4 Nc4 47. Re2 Rd5 48. g4 {[%cal Bg2g4,Bg4h5][%mdl 32]} Nd6 49. Rf3 h5 50. gxh5 Nxf5 51. Ref2 Ke6 52. Re2+ Kf7 $1 53. Ref2 $2 {Precision: Weiß = 67%, Schwarz = 58%.} ({Günstiger ist} 53. Re4 $18) 1/2-1/2

[Event "EYCC Girls U16 2018"]
[Site "Riga"]
[Date "2018.08.23"]
[Round "4"]
[White "Zotova, Anastasia"]
[Black "Peycheva, Gergana"]
[Result "1/2-1/2"]
[WhiteElo "2006"]
[BlackElo "2261"]
[Annotator "TA"]
[PlyCount "56"]
[EventDate "2018.08.20"]
[EventType "swiss"]
[EventCountry "LAT"]
[SourceTitle "playchess.com"]
[Source "ChessBase"]
[SourceQuality "1"]

{[%evp 28,56,30,50,37,0,29,29,16,25,51,23,28,0,0,0,0,0,62,0,11,17,16,0,58,0,88,0,92,0,83]} 1. e4 e6 2. d4 d5 3. Nc3 Bb4 4. e5 c5 5. a3 Bxc3+ 6. bxc3 Ne7 7. Qg4 Qc7 8. Qxg7 Rg8 9. Qxh7 cxd4 10. Ne2 Nbc6 11. h4 {[%cal Bh2h4,Bh4h5,Bh5h6,Bh6h7][%mdl 32] C18: French: 3 Nc3 Bb4: Main line: 7 h4 and 7 Qg4} (11. f4 dxc3 12. Nxc3 Nd4 13. Bb2 Bd7 14. O-O-O Qb6 15. Qd3 Ndf5 16. Rd2 Rc8 17. g3 Ne3 18. Ne4 Rxc2+ 19. Rxc2 dxe4 20. Qxe4 Nxc2 21. Qxc2 {½-½ (31) Giri,A (2752)-Carlsen,M (2834) Wijk aan Zee 2018}) 11... dxc3 12. h5 Bd7 13. h6 O-O-O 14. Qd3 d4 15. f4 {LiveBook: 52 Games} Kb8 16. Rb1 Bc8 17. h7 Rh8 18. g4 b6 19. Bg2 Bb7 20. Kf2 Nd5 $1 21. g5 $146 ({Avoid the trap} 21. Nxd4 $2 Nxd4 22. Qe4 {[#]} (22. Qxd4 $2 Nf6 $19) 22... Nxc2 $1 $19 {[%mdl 512]}) ({Predecessor:} 21. Rh3 f5 22. exf6 Nxf6 23. g5 {½-½ (23) Boldysh,M (2401)-Pheby,I (2278) ICCF email 2015}) 21... Qc8 22. Rh3 Nde7 (22... Rd7 $11) 23. Be4 (23. a4 $1 $14) 23... Nf5 24. Qc4 Qd7 $1 {[#] Strongly threatening ...Nxe5!} 25. Qb5 Qc7 (25... Qc8 $1 $11) 26. Qc4 (26. Bxf5 $5 exf5 27. a4 $16) 26... Qd7 $1 {And now ...Nxe5! would win.} 27. Qb5 Qc7 28. Qc4 Qd7 $1 {Precision: White = 31%, Black = 72%.} 1/2-1/2

[Event "EYCC Girls U16 2018"]
[Site "Riga"]
[Date "2018.08.23"]
[Round "4"]
[White "Grigorieva, Yulia"]
[Black "Schneider, Jana"]
[Result "1/2-1/2"]
[WhiteElo "1992"]
[BlackElo "2179"]
[Annotator "TA"]
[PlyCount "54"]
[EventDate "2018.08.20"]
[EventType "swiss"]
[EventCountry "LAT"]
[SourceTitle "playchess.com"]
[Source "ChessBase"]
[SourceQuality "1"]

{[%evp 9,54,27,24,0,7,6,6,11,50,34,53,45,55,56,65,66,77,68,92,95,95,80,99,90,87,87,83,72,69,27,23,12,32,0,8,8,8,8,8,8,8,8,8,8,8,5,7]} 1. d4 e6 2. c4 d5 3. Nf3 a6 4. Bg5 Be7 5. Bxe7 Qxe7 {LiveBook: 28 Games} 6. g3 $146 {D30: Queen's Gambit Declined: Systems without Nc3} ({Predecessor:} 6. e3 Nf6 7. Nc3 O-O 8. c5 Nc6 9. Be2 Rd8 10. O-O e5 11. Nxe5 Nxe5 12. dxe5 Qxe5 {½-½ (22) Ni,H (2670)-Vallejo Pons,F (2709) China 2018}) 6... dxc4 7. Bg2 Nf6 8. Ne5 c5 9. Nxc4 {[#] Hoping for Nb6.} cxd4 10. O-O {Black must now prevent Nb6.} Nc6 11. Bxc6+ $1 bxc6 12. Qxd4 O-O 13. Rd1 Bb7 {[#] aiming for ...Rfd8.} 14. Qd6 Qxd6 15. Nxd6 Rab8 16. Nc3 c5 17. b3 Bc6 18. Rac1 Rfd8 19. Rd3 Kf8 20. Rcd1 Ke7 21. e4 Ne8 {[%cal Re8d6] The position is equal.} 22. Nc4 Rxd3 23. Rxd3 Bb5 $132 {[%mdl 2048] Black is not keeping still} 24. Nxb5 axb5 25. Ne5 Rb7 $1 26. Nc6+ Kf8 $1 27. Rc3 Nf6 {Precision: White = 74%, Black = 56%.} 1/2-1/2

[Event "EYCC Girls U16 2018"]
[Site "Riga"]
[Date "2018.08.23"]
[Round "4"]
[White "Djidjeli, Sarah"]
[Black "Srdanovic, Jovana"]
[Result "1-0"]
[WhiteElo "1961"]
[BlackElo "2128"]
[Annotator "TA"]
[PlyCount "119"]
[EventDate "2018.08.20"]
[EventType "swiss"]
[EventCountry "LAT"]
[SourceTitle "playchess.com"]
[Source "ChessBase"]
[SourceQuality "1"]

{[%evp 19,119,34,54,54,93,50,65,13,9,21,20,32,36,14,15,0,0,0,0,-8,0,0,4,-23,5,0,31,38,29,-3,145,141,137,132,143,142,147,149,145,143,143,142,158,127,180,75,130,0,0,4,15,0,0,-4,-3,-116,-118,-115,0,5,12,0,67,80,152,156,359,371,356,305,516,517,663,651,1004,1077,899,898,1892,829,1862,1029,6514,9384,2668,2179,964,1462,762,721,12850,12850,12850,29956,12851,29940,12851,29965,12851,12851,12851,29980]} 1. e4 c5 2. Nf3 e6 3. d4 cxd4 4. Nxd4 a6 5. Bd3 Bc5 6. Nb3 Be7 7. O-O d6 8. Qg4 g6 {B42: Sicilian: Kan Variation: 5 Bd3} 9. Qe2 Nc6 (9... Nd7 10. a4 b6 11. Na3 Ngf6 12. Bh6 Bf8 13. Bxf8 Kxf8 14. Nc4 Qc7 15. f4 d5 16. exd5 Nxd5 {1-0 (32) Leko,P (2691)-Svidler,P (2765) Riadh 2017}) 10. Nc3 Qc7 {LiveBook: 12 Games. White is slightly better.} 11. a4 b6 12. Be3 Nf6 13. Rfd1 $146 (13. Bh6 $14) ({Predecessor:} 13. Bh6 Bf8 14. Qd2 Bb7 15. f3 Bxh6 16. Qxh6 {1-0 (55) Pecka,J (2283)-Rauduve,M ICCF email 2010}) 13... O-O $11 14. f3 Bb7 15. Qf2 Nd7 16. Bf1 Rac8 17. Nd2 Na5 18. Be2 (18. Rab1 {keeps more tension.} Bf6 19. Nb3 Nc6 20. Bf4 Be5 21. Qh4) 18... Bf6 19. Bd4 Bxd4 20. Qxd4 Ne5 21. Qf2 Qc5 (21... f5 $5 {[%cal Rf5e4]}) 22. Nf1 Qxf2+ 23. Kxf2 Nac4 24. Rab1 Rfd8 (24... f5 $11 25. exf5 Rxf5) 25. f4 $16 Nd7 26. Bxc4 $1 Rxc4 27. Rxd6 Kf8 28. Rbd1 Ke7 29. Ne3 Rc7 30. g4 Rdc8 31. e5 Bc6 (31... g5 $16) 32. R6d4 (32. g5 $18 {is more deadly.}) 32... g5 (32... h6 $142) 33. Kg3 ({White should try} 33. fxg5 $16 {Black should prevent Re1.} Nxe5 34. Kg3) 33... gxf4+ $11 34. Kxf4 Nxe5 $1 35. Kxe5 f6+ 36. Kf4 {[#] Black must now prevent Rc4.} e5+ 37. Kf5 (37. Kg3 $1 $11 exd4 38. Rxd4) 37... exd4 $17 38. Rxd4 Bd7+ (38... Rd7 $17 39. Rxd7+ Bxd7+ 40. Kf4 Ke6) 39. Kf4 $11 {Ncd5+ is the strong threat.} Kf7 40. Ncd5 Rb7 (40... Rc6 $1 $11) 41. Nc4 $1 $14 {[%cal Rc4d6]} Rxc4 (41... Ke6 $142) 42. Rxc4 $16 {[%mdl 4096] Endgame KRB-KRN} Be6 $2 {[#]} (42... a5 $16 43. b3 Be6) 43. Rc7+ $1 $18 Rxc7 44. Nxc7 {KB-KN} Bc8 $2 (44... Bd7 {was called for.} 45. a5 (45. Nxa6 Bxa4 46. b3 Bc6 $16) 45... bxa5) 45. c4 Bb7 46. Nd5 b5 47. axb5 axb5 48. Ne3 bxc4 49. Nxc4 Bd5 50. Nd6+ Ke6 51. Ne4 Bc4 52. b3 Be2 53. b4 Bc4 54. g5 fxg5+ 55. Nxg5+ Kd6 56. Nxh7 Kc6 57. h4 {[%cal Bh2h4,Bh4h5,Bh5h6][%mdl 32]} Kb5 58. h5 Bf7 59. h6 Bg6 60. Nf8 {Precision: White = 53%, Black = 29%.} (60. Ng5 $18 Kxb4 61. Ne6) 1-0